Normal view
MARC view
- Balducci, Patrick.
Entry Personal Name
001 - CONTROL NUMBER
- control field: 23143
003 - CONTROL NUMBER IDENTIFIER
- control field: NUST
005 - DATE AND TIME OF LATEST TRANSACTION
- control field: 20191008123316.0
008 - FIXED-LENGTH DATA ELEMENTS
- fixed length control field: 191008|| aca||aabn | a|a d
040 ## - CATALOGING SOURCE
- Original cataloging agency: NUST
- Transcribing agency: NUST
100 ## - HEADING--PERSONAL NAME
- Personal name: Balducci, Patrick.
670 ## - SOURCE DATA FOUND
- Source citation: Work cat.: (NUST)0: Balducci, Patrick., State highway cost allocation studies /, 2008.
